<?xml version="1.0" encoding="UTF-8"?><?xml-stylesheet type="text/xsl" href="static/style.xsl"?><OAI-PMH xmlns="http://www.openarchives.org/OAI/2.0/" xmlns:xsi="http://www.w3.org/2001/XMLSchema-instance" xsi:schemaLocation="http://www.openarchives.org/OAI/2.0/ http://www.openarchives.org/OAI/2.0/OAI-PMH.xsd"><responseDate>2026-06-02T09:05:37Z</responseDate><request verb="GetRecord" identifier="oai:riuma.uma.es:10630/39339" metadataPrefix="marc">https://riuma.uma.es/rest/oai/request</request><GetRecord><record><header><identifier>oai:riuma.uma.es:10630/39339</identifier><datestamp>2026-02-03T11:21:41Z</datestamp><setSpec>com_10630_2254</setSpec><setSpec>col_10630_37953</setSpec></header><metadata><record xmlns="http://www.loc.gov/MARC21/slim" xmlns:dcterms="http://purl.org/dc/terms/" xmlns:doc="http://www.lyncode.com/xoai" xmlns:xsi="http://www.w3.org/2001/XMLSchema-instance" xsi:schemaLocation="http://www.loc.gov/MARC21/slim http://www.loc.gov/standards/marcxml/schema/MARC21slim.xsd">
   <leader>00925njm 22002777a 4500</leader>
   <datafield ind2=" " ind1=" " tag="042">
      <subfield code="a">dc</subfield>
   </datafield>
   <datafield ind2=" " ind1=" " tag="720">
      <subfield code="a">Marcenaro-Gutiérrez, Óscar David</subfield>
      <subfield code="e">author</subfield>
   </datafield>
   <datafield ind2=" " ind1=" " tag="720">
      <subfield code="a">López-Agudo, Luis Alejandro</subfield>
      <subfield code="e">author</subfield>
   </datafield>
   <datafield ind2=" " ind1=" " tag="260">
      <subfield code="c">2021-02-10</subfield>
   </datafield>
   <datafield ind2=" " ind1=" " tag="520">
      <subfield code="a">In the feld of Economics of Education the “resilience” term is used to designate&#xd;
those students from low socio-economic backgrounds who can overcome their initial&#xd;
situation and obtain high academic results. However, the opposite kind of student&#xd;
profle has been a less explored feld, i.e., high socio-economic status students who&#xd;
perform poorly and are thus denoted as advantaged low-achieving students. Because&#xd;
of that, the current study intends to disentangle the characteristics which infuence&#xd;
the likelihood of high socio-economic students to become low-achievers. In order&#xd;
to do this, we use census and longitudinal education data and a rich set of variables&#xd;
from secondary education students in the most populated region of Spain (Andalusia). Our results show that students’ use of time and self-confdence, together with&#xd;
parental engagement, when students were in primary education, are relevant variables in explaining the low achievement of advantaged students.</subfield>
   </datafield>
   <datafield ind1="8" ind2=" " tag="024">
      <subfield code="a">Marcenaro-Gutierrez, O.D., Lopez-Agudo, L.A. The back of the coin in resilience: on the characteristics of advantaged low-achieving students. Econ Polit 38, 323–383 (2021).</subfield>
   </datafield>
   <datafield ind1="8" ind2=" " tag="024">
      <subfield code="a">https://hdl.handle.net/10630/39339</subfield>
   </datafield>
   <datafield ind1="8" ind2=" " tag="024">
      <subfield code="a">10.1007/s40888-021-00220-0</subfield>
   </datafield>
   <datafield tag="653" ind2=" " ind1=" ">
      <subfield code="a">Rendimiento académico</subfield>
   </datafield>
   <datafield tag="653" ind2=" " ind1=" ">
      <subfield code="a">Educación - Aspectos económicos</subfield>
   </datafield>
   <datafield tag="653" ind2=" " ind1=" ">
      <subfield code="a">Educación - Modelos econométricos</subfield>
   </datafield>
   <datafield ind2="0" ind1="0" tag="245">
      <subfield code="a">The back of the coin in resilience: on the characteristics of advantaged low‑achieving students.</subfield>
   </datafield>
</record>
</metadata></record></GetRecord></OAI-PMH>